Carbón vegetal: uso y producción en pequeña escala

Saved in:
Bibliografiske detaljer
Hovedforfatter: Boutette, Michael
Institution som forfatter: Aprovecho Institute
Andre forfattere: Karch, G. Edward
Format: Bog
Sprog:spansk
Udgivet: Wiesbaden, Alemania Vieweg 1985
Fag:
Tags: Tilføj Tag
Ingen Tags, Vær først til at tagge denne postø!

MARC

LEADER 00000nam a2200000 a 4500
001 UCY1177
003 CL-VaPUC
005 20250224123837.0
008 940823e19850000GW |||||||||||||||||spa|d
999 |c 229960  |d 229958 
040 |c Pontificia Universidad Católica de Valparaíso 
082 0 4 |a 662.74 BOU 1985  |2 21 
100 0 |a Boutette, Michael  |9 329089 
110 2 |a Aprovecho Institute  |9 329091 
245 1 0 |a Carbón vegetal: uso y producción en pequeña escala 
260 |a Wiesbaden, Alemania  |b Vieweg  |c 1985 
300 |a 64 páginas 
583 |a last modification  |c 19940823 00:00:00  |k Rodrigo Vera 
650 0 |a Carbón vegetal  |9 329092 
700 0 |a Karch, G. Edward  |9 329090 
942 |c BK  |2 ddc 
945 |d 19940823 00:00:00  |a mfernand